<?xml version="1.0" encoding="UTF-8"?>
<record
    xmlns:xsi="http://www.w3.org/2001/XMLSchema-instance"
    xsi:schemaLocation="http://www.loc.gov/MARC21/slim http://www.loc.gov/standards/marcxml/schema/MARC21slim.xsd"
    xmlns="http://www.loc.gov/MARC21/slim">

  <leader>01000na  a2200277   4500</leader>
  <controlfield tag="001">18722</controlfield>
  <controlfield tag="003">MIRAKIL</controlfield>
  <controlfield tag="005">20181213155018.0</controlfield>
  <controlfield tag="008">161125b        tu            000 0      </controlfield>
  <datafield tag="020" ind1=" " ind2=" ">
    <subfield code="a">97525452529</subfield>
  </datafield>
  <datafield tag="035" ind1=" " ind2=" ">
    <subfield code="a">18722</subfield>
  </datafield>
  <datafield tag="040" ind1=" " ind2=" ">
    <subfield code="a">Milas</subfield>
    <subfield code="b">tur</subfield>
    <subfield code="c">TR-AnCHP</subfield>
  </datafield>
  <datafield tag="041" ind1=" " ind2=" ">
    <subfield code="a">tur</subfield>
  </datafield>
  <datafield tag="082" ind1=" " ind2=" ">
    <subfield code="a">344.0125743</subfield>
    <subfield code="b">H34 2006</subfield>
  </datafield>
  <datafield tag="090" ind1=" " ind2=" ">
    <subfield code="a">344.0125743 H34 2006</subfield>
  </datafield>
  <datafield tag="100" ind1=" " ind2=" ">
    <subfield code="a">Hekimler, Alpay</subfield>
  </datafield>
  <datafield tag="245" ind1=" " ind2=" ">
    <subfield code="a">Sosyal politika boyutunda Federal Almanya'da esnek &#xE7;al&#x131;&#x15F;ma modelleri</subfield>
    <subfield code="b">Avrupa Birli&#x11F;i ve Federal Almanya Mevzuat&#x131; d&#x131;&#x15F;&#x131;nda T&#xFC;rkiye i&#xE7;in perspektifler</subfield>
    <subfield code="c">Alpay Hekimler</subfield>
  </datafield>
  <datafield tag="246" ind1=" " ind2=" ">
    <subfield code="a">Avrupa Birli&#x11F;i ve Federal Almanya Mevzuat&#x131; d&#x131;&#x15F;&#x131;nda T&#xFC;rkiye i&#xE7;in perspektifler</subfield>
  </datafield>
  <datafield tag="260" ind1=" " ind2=" ">
    <subfield code="a">220 s.</subfield>
    <subfield code="b">T&#xFC;rkiye &#x130;&#x15F;veren Sendikalar&#x131; Konfederasyonu (T&#x130;SK)</subfield>
    <subfield code="c">2006</subfield>
  </datafield>
  <datafield tag="300" ind1=" " ind2=" ">
    <subfield code="a">220 s.</subfield>
    <subfield code="c">24 sm.</subfield>
  </datafield>
  <datafield tag="490" ind1=" " ind2=" ">
    <subfield code="a">T&#xFC;rkiye &#x130;&#x15F;veren Sendikalar&#x131; Konfederasyonu</subfield>
    <subfield code="v">263</subfield>
  </datafield>
  <datafield tag="500" ind1=" " ind2=" ">
    <subfield code="a">Kaynak&#xE7;a var.</subfield>
  </datafield>
  <datafield tag="650" ind1=" " ind2=" ">
    <subfield code="a">&#xC7;al&#x131;&#x15F;ma saatleri</subfield>
    <subfield code="z">Almanya</subfield>
  </datafield>
  <datafield tag="650" ind1=" " ind2=" ">
    <subfield code="a">&#x130;&#x15F; hukuku</subfield>
    <subfield code="z">Almanya</subfield>
  </datafield>
  <datafield tag="942" ind1=" " ind2=" ">
    <subfield code="2">dcc</subfield>
    <subfield code="c">BKS</subfield>
  </datafield>
  <datafield tag="952" ind1=" " ind2=" ">
    <subfield code="a">0001</subfield>
    <subfield code="b">0001</subfield>
    <subfield code="d">2016-11-25</subfield>
    <subfield code="e">2</subfield>
    <subfield code="l">0</subfield>
    <subfield code="o">344.0125743 H34 2006</subfield>
    <subfield code="p">009698</subfield>
    <subfield code="r">2016-11-25 00:00:00</subfield>
    <subfield code="v">0.00</subfield>
    <subfield code="w">2016-11-25</subfield>
    <subfield code="y">BKS</subfield>
  </datafield>
  <datafield tag="999" ind1=" " ind2=" ">
    <subfield code="c">4779</subfield>
    <subfield code="d">4779</subfield>
  </datafield>
</record>
